Central Library OPAC University of Rajshahi

The history of archery / (Record no. 76550)

MARC details
000 -LEADER
fixed length control field 00678cam a2200241 4500
001 - CONTROL NUMBER
control field 76550
003 - CONTROL NUMBER IDENTIFIER
rucl marc code BD-RjUL
005 - DATE AND TIME OF LATEST TRANSACTION
control field 20211209082846.0
008 - FIXED-LENGTH DATA ELEMENTS--GENERAL INFORMATION
fixed length control field 191224t19711957ctua 001 0 eng
035 ## - SYSTEM CONTROL NUMBER
System control number (BD-RjUL)76774
040 ## - CATALOGING SOURCE
Original cataloging agency DLC
Transcribing agency DLC
Modifying agency DLC
Language of cataloging eng
041 ## - LANGUAGE CODE
Language code of text/sound track or separate title eng
082 00 - DEWEY DECIMAL CLASSIFICATION NUMBER
Classification number 799.3209
Edition number 23
Author mark and year BUH 1958
100 1# - MAIN ENTRY--PERSONAL NAME
Personal name Burke, Edmund
9 (RLIN) 236820
245 14 - TITLE STATEMENT
Title The history of archery /
Statement of responsibility, etc. by Edmund Burke.
260 ## - PUBLICATION, DISTRIBUTION, ETC. (IMPRINT)
Place of publication, distribution, etc. London.:
Name of publisher, distributor, etc. Heinemann,
Date of publication, distribution, etc. c1957]1958
300 ## - PHYSICAL DESCRIPTION
Pagination 232 p. :
Illustrations illus.;
Size 22 cm.
650 #0 - SUBJECT ADDED ENTRY--TOPICAL TERM
Topical term or geographic name as entry element Archery
General subdivision History.
9 (RLIN) 236821
906 ## - LOCAL DATA ELEMENT F, LDF (RLIN)
a 7
b cbc
c orignew
d 2
e ncip
f 19
g y-gencatlg
942 ## - ADDED ENTRY ELEMENTS (KOHA)
Source of classification or shelving scheme Dewey Decimal Classification
Koha item type Books
Holdings
Lost status Source of classification or shelving scheme Damaged status Not for loan Collection code Permanent Location Current Location Shelving location Date acquired Source of acquisition Cost, normal purchase price Total Checkouts Full call number Date last seen Copy number Koha item type
  Dewey Decimal Classification   Not For Loan Non-fiction Central Library, University of Rajshahi Central Library, University of Rajshahi Reading Room 04/09/1969 Zeitlinger 40.00   799.3209 BUH 1958 24/12/2019 C-1 Books